Psychiatric-mental health nursing / (Record no. 44130)

MARC details
001 - CONTROL NUMBER
control field 19061036
003 - CONTROL NUMBER IDENTIFIER
control field 00000
005 - DATE AND TIME OF LATEST TRANSACTION
control field 20260313103403.0
008 - FIXED-LENGTH DATA ELEMENTS--GENERAL INFORMATION
fixed length control field 160419t20172017paua b 001 0 eng
010 ## - LIBRARY OF CONGRESS CONTROL NUMBER
LC control number 2016018623
020 ## - INTERNATIONAL STANDARD BOOK NUMBER
International Standard Book Number 9781975239169
035 ## - SYSTEM CONTROL NUMBER
System control number 19061036
035 ## - SYSTEM CONTROL NUMBER
System control number (DNLM)101681389
040 ## - CATALOGING SOURCE
Original cataloging agency DNLM/DLC
Transcribing agency DLC
Description conventions rda
Modifying agency DLC
042 ## - AUTHENTICATION CODE
Authentication code pcc
050 00 - LIBRARY OF CONGRESS CALL NUMBER
Classification number RC 440 .V53
082 00 - DEWEY DECIMAL CLASSIFICATION NUMBER
Classification number 616.89/0231
Edition number 23
100 1# - MAIN ENTRY--PERSONAL NAME
Personal name Videbeck, Sheila L.,
Relator term author.
245 10 - TITLE STATEMENT
Title Psychiatric-mental health nursing /
Statement of responsibility, etc Sheila L. Videbeck, Professor Emeritus, Des Moines Area Community College, Ankeny, Iowa ; illustrations by Cathy J. Miller.
250 ## - EDITION STATEMENT
Edition statement 10th ed.
264 #1 - PUBLICATION, DISTRIBUTION, ETC. (IMPRINT)
Place of publication, distribution, etc Philadelphia, PA :
Name of publisher, distributor, etc Wolters Kluwer,
Date of publication, distribution, etc 2026
264 #4 - PUBLICATION, DISTRIBUTION, ETC. (IMPRINT)
Date of publication, distribution, etc 2026
Place of publication, distribution, etc Philadelphia, PA :
Name of publisher, distributor, etc Wolters Kluwer,
300 ## - PHYSICAL DESCRIPTION
Extent xviii, 526p. ill.
336 ## - CONTENT TYPE
Content type term text
Source rdacontent
337 ## - MEDIA TYPE
Media type term unmediated
Source rdamedia
338 ## - CARRIER TYPE
Carrier type term volume
Source rdacarrier
504 ## - BIBLIOGRAPHY, ETC. NOTE
Bibliography, etc Includes bibliographical references and index.
505 0# - FORMATTED CONTENTS NOTE
Formatted contents note Foundations of psychiatric-mental health nursing -- Neurobiologic theories and psychopharmacology -- Psychosocial theories and therapy -- Treatment settings and therapeutic programs -- Therapeutic relationships -- Therapeutic communication -- Client's response to illness -- Assessment -- Legal and ethical issues -- Grief and loss -- Anger, hostility, and aggression -- Abuse and violence -- Trauma and stressor-related disorders -- Anxiety and anxiety disorders -- Obsessive-compulsive and related disorders -- Schizophrenia -- Mood disorders and suicide -- Personality disorders -- Addiction -- Eating disorders -- Somatic symptom illnesses -- Neurodevelopmental disorders -- Disruptive behavior disorders -- Cognitive disorders.
650 #0 - SUBJECT ADDED ENTRY--TOPICAL TERM
Topical term or geographic name as entry element Psychiatric nursing.
650 12 - SUBJECT ADDED ENTRY--TOPICAL TERM
Topical term or geographic name as entry element Psychiatric Nursing
650 22 - SUBJECT ADDED ENTRY--TOPICAL TERM
Topical term or geographic name as entry element Mental Disorders
General subdivision nursing
650 22 - SUBJECT ADDED ENTRY--TOPICAL TERM
Topical term or geographic name as entry element Nurse-Patient Relations
700 1# - ADDED ENTRY--PERSONAL NAME
Personal name Miller, C. J.
Fuller form of name (Cathy J.),
Relator term illustrator.
906 ## - LOCAL DATA ELEMENT F, LDF (RLIN)
a 7
b cbc
c orignew
d 1
e ecip
f 20
g y-gencatlg
942 ## - ADDED ENTRY ELEMENTS (KOHA)
Source of classification or shelving scheme Library of Congress Classification
Koha item type Books
Holdings
Withdrawn status Lost status Source of classification or shelving scheme Damaged status Not for loan Permanent Location Current Location Date acquired Total Checkouts Full call number Barcode Date last seen Price effective from Koha item type
    Library of Congress Classification     NILE UNIVERSITY OF NIGERIA - MAIN LIBRARY NILE UNIVERSITY OF NIGERIA - MAIN LIBRARY 03/13/2026   RC 440 .V53 2026 0199575 03/13/2026 03/13/2026 Books